000 00371nam a2200145Ia 4500
008 221030s9999 xx 000 0 und d
020 _a0070841942
041 _aEnglish
100 _aJ. Allison
245 0 _aElectronic Engineering Semiconductors & Devices
_cby J. Allison
260 _bMcgraw - Hill
_aLondon
_c1971
300 _a376
650 _aBB ECE
942 _cBK
999 _c18828
_d18828